书目信息 |
| 题名: |
药品生物检定技术实验实训
|
|
| 作者: | 兰作平 主编 | |
| 分册: | ||
| 出版信息: | 北京 中国医药科技出版社 2018.5 |
|
| 页数: | 147页 | |
| 开本: | 26cm | |
| 丛书名: | ||
| 单 册: | ||
| 中图分类: | R927 | |
| 科图分类: | ||
| 主题词: | 药品检定--生物检验--教材 | |
| 电子资源: | ||
| ISBN: | 978-7-5214-0190-5 | |
| 000 | 00960nam0 2200229 450 | |
| 001 | 3607 | |
| 005 | 20181009100222.37 | |
| 010 | @a978-7-5214-0190-5@dCNY29.00 | |
| 100 | @a20180429d2018 em y0chiy0110 ea | |
| 101 | 0 | @achi |
| 102 | @aCN@b110000 | |
| 105 | @ay z 000yy | |
| 200 | 1 | @a药品生物检定技术实验实训@9yao pin sheng wu jian ding ji shu shi yan shi xun@f兰作平主编 |
| 205 | @a2版 | |
| 210 | @a北京@c中国医药科技出版社@d2018.5 | |
| 215 | @a147页@d26cm | |
| 330 | @a本教材主要分为五个模块,即绪论,药品检验的分类、标准和程序,药品生物检定技术操作规范,药品生物检定技术实训,综合实训等。以工作过程为主线编排实训项目的教学内容,以常见药品为工作载体,保证了在实训过程中理论知识的融会贯通,又保证了学生在贴近真实的工作场景中不断提高自己的实际工作能力,较好的体现了实际工作岗位的需要。 | |
| 606 | 0 | @a药品检定@x生物检验@j教材 |
| 690 | @aR927@v5 | |
| 701 | 0 | @a兰作平@9lan zuo ping@4主编 |
| 801 | 0 | @aCN@b91CIP@c20180429 |
| 905 | @aMuseLib@dR927@e146=2 | |
| 药品生物检定技术实验实训/兰作平主编.-2版.-北京:中国医药科技出版社,2018.5 |
| 147页;26cm |
| ISBN 978-7-5214-0190-5:CNY29.00 |
| 本教材主要分为五个模块,即绪论,药品检验的分类、标准和程序,药品生物检定技术操作规范,药品生物检定技术实训,综合实训等。以工作过程为主线编排实训项目的教学内容,以常见药品为工作载体,保证了在实训过程中理论知识的融会贯通,又保证了学生在贴近真实的工作场景中不断提高自己的实际工作能力,较好的体现了实际工作岗位的需要。 |
| ● |
| 相关链接 |
|
|
|
|
正题名:药品生物检定技术实验实训
索取号:R927/146=2
 
预约/预借
| 序号 | 登录号 | 条形码 | 馆藏地/架位号 | 状态 | 备注 |
| 1 | 1122837 | 211228376 | 第二样本阅览室/ [索取号:R927/146=2] | 在馆 | |
| 2 | 1122838 | 211228385 | 密集书库-生命科学系/ [索取号:R927/146=2] | 在馆 | |
| 3 | 1122839 | 211228394 | 第三借阅区/ [索取号:R927/146=2] | 在馆 | |
| 4 | 1122840 | 211228401 | 第三借阅区/ [索取号:R927/146=2] | 在馆 | |
| 5 | 1122841 | 211228410 | 第三借阅区/ [索取号:R927/146=2] | 在馆 |